00434nam a22001457a 450000500170000000800410001702000150005804100120007308200120008510000120009724500760010926000460018530000320023165000250026320240926080901.0240926b |||||||| |||| 00| 0 eng d a0409005991 aEnglish a348 SOU lEnglish aThe South African Encyclopaedia of Forms and Precedents / cC Weinberg  aDurban: bButterworth Publishers, c1979  bxxxvi, 237 pages; c26 cm.  aLegal practice bLaw